Důvěrné hospodářsko-politické záznamy

Saved in:
Bibliographic Details
Format: Serial
Language:Czech
Published: Praha Ministerství zahraničních věcí 1950
Tags: Add Tag
No Tags, Be the first to tag this record!

MARC

LEADER 00000nas2a2200000$$$4500
001 0010713
005 20250730114257.5
041 0 |a cze 
044 |a CZ 
245 1 0 |a Důvěrné hospodářsko-politické záznamy 
264 1 |a Praha  |b Ministerství zahraničních věcí  |c 1950 
300 |a 1 zv. 
773 0 |w eu_un_cat*0010712